| 000 | 00774nam a2200289Ia 4500 | ||
|---|---|---|---|
| 003 | OSt | ||
| 005 | 20221006144659.0 | ||
| 006 | a|||||r|||| 00| 0 | ||
| 007 | ta | ||
| 008 | 221006b |||||||| |||| 00| 0 eng d | ||
| 020 |
_aB009ZOMJVU _c _7.50 (each) |
||
| 024 | _a12,352 | ||
| 037 | _cTextual | ||
| 040 |
_aEASL _cEASL _beng |
||
| 041 |
_2eng _aeng |
||
| 082 | _aV41.N53<-N49, J4 | ||
| 100 | _aROSTOW W. W. | ||
| 245 | 0 | _aProspects for communist China | |
| 260 |
_aLondon _bJohn Wiley _c1954 |
||
| 300 |
_a379p. _ccm. |
||
| 490 | _v CEL | ||
| 650 | _a CEL | ||
| 650 |
_a China - Communist Policy - Evolution of _9652599 |
||
| 650 | _aChina - History | ||
| 942 |
_hV41.N53<-N49, J4 _cTEXL _2CC |
||
| 999 |
_c1080438 _d1080438 |
||